Author Riddles Quiz Stats

Quiz Updated Mar 28, 2015

Challenge
Share
Tweet
Embed
Score 0/14 Timer 06:00
2 Plays Today
Riddle Answer % Correct
What was J.D. Salinger when the pitcher's wild throw sent him chasing the ball into wheat grass?The Catcher in the Rye
93.2%
Which of John Steinbeck's fruits was accused of verbal abuse?The Grapes of Wrath
90.9%
To whom did Louisa May Alcott introduce Snow White's seven dwarfs?Little Women
80.3%
What might Edgar Allan Poe title his biography about NFL quarterback Joe Flacco?The Raven
74.3%
Where does Lewis Carroll throw his blowdryer if he sees he is having a bad hair day?Through the Looking Glass
66%
What does albino vampire Jack London use to obtain blood?White Fang
63.9%
Where was Margaret Mitchell's manuscript when the hurricane struck?Gone with the Wind
62.3%
Riddle Answer % Correct
What ultimately caused Charles Dickens disappointment after his wedding night?Great Expectations
60.4%
Where does Jules Verne travel after climbing into a giant slingshot?Around the World in Eighty Days
57%
What happened when John Milton dropped his six-faced cubes somewhere under the craps table?Paradise Lost
56.5%
What did Maya Angelou say when her pet parakeet randomly started belting out Aretha Franklin's 'Respect'?I Know Why the Caged Bird Sings
56.5%
What did Ernest Hemingway experience when he reached too far into the garbage disposal?A Farewell to Arms
43.4%
What did Flannery O'Connor grumble when playing hide-and-seek with Superman, Robin Hood, and the Pope?A Good Man is Hard to Find
13.9%
How does William Shakespeare read his music?Measure for Measure
12.2%

You're not logged in!

Compare scores with friends on all Sporcle quizzes.
Join for Free
OR
Log In

You Might Also Like...

Show Comments

Extras

Top Quizzes Today


Score Distribution

Your Account Isn't Verified!

In order to create a playlist on Sporcle, you need to verify the email address you used during registration. Go to your Sporcle Settings to finish the process.

Report this User

Report this user for behavior that violates our Community Guidelines.

Details: